01280naa a22003017a 4500001001000000003000900010005001700019007000300036008003400039040005400073041000900127072001400136090001800150100001900168100001800187111010000205245009500305260003900400500014000439650002200579650001200601650001100613773013700624909003600761942001400797999001900811952014800830BR8305703BR-BrBNA20240918175353.0ta230509b bl.||||| |||| 00| 0 por d aBR-BrBNAbporcBiblioteca Nacional de Agricultura a(En) aL53b5120 aL53 BR83057031 aVillahoz, M.D.1 aSquires, E.L.1 a2. Symposium on Advanced Topics in Animal ReproductioncJaboticabal, SP (Brazil)d8-11 Aug 19831 aImmunological method for pregnancy detection in mares [reproducao animal, prenhez, equino]3 aJaboticabal, SP (Brasil): c1983.  aProceedings of the 2. Symposium on Advanced Topics in Animal Reproduction Jaboticabal, SP (Brasil): 1983. p. 237-243 (BR8305703-AM)L53  aREPRODUCAO ANIMAL aPRENHEZ aEQUINO0 tProceedings of the 2. Symposium on Advanced Topics in Animal ReproductionwL53 BR8305703gJaboticabal, SP (Brasil), 1983. p. 237-243 a202404bLuciac55dLucia Elande cAM2AGRIS c316374d316374 002AGRIS40708Acervo Gerala41918b41918cAgrobasel0oL53 BR8305686r2024-05-20t01yAM10d2024-04-11ePortaria Interministerial nÂș 164/94